<?xml version="1.0" encoding="utf-8"?>
<?xml-stylesheet type='text/xsl' href='./oai2.xsl'?>
<OAI-PMH xmlns="http://www.openarchives.org/OAI/2.0/" xmlns:xsi="http://www.w3.org/2001/XMLSchema-instance" xsi:schemaLocation="http://www.openarchives.org/OAI/2.0/ http://www.openarchives.org/OAI/2.0/OAI-PMH.xsd">
  <responseDate>2026-06-06T10:00:05Z</responseDate>
  <request verb="GetRecord" metadataPrefix="marcxml" identifier="record_kuniweb_162707">https://kulturerbe.niedersachsen.de/oai</request>
  <GetRecord>
    <record>
      <header>
        <identifier>record_kuniweb_162707</identifier>
        <datestamp>2025-08-28T09:38:22Z</datestamp>
        <setSpec>slg0217</setSpec>
      </header>
      <metadata>
        <marc:record xmlns:marc="http://www.loc.gov/MARC21/slim" xsi:schemaLocation="http://www.loc.gov/MARC21/slim http://www.loc.gov/standards/marcxml/schema/MARC21slim.xsd">
          <marc:leader>12345nkm  22     uu 4500</marc:leader>
          <marc:controlfield tag="001">162707</marc:controlfield>
          <marc:controlfield tag="003">http://kuniweb.gbv.de</marc:controlfield>
          <marc:controlfield tag="005">2019-10-17T12:50:36</marc:controlfield>
          <marc:controlfield tag="008">|           ||||||||||||||||||||||</marc:controlfield>
          <marc:datafield tag="245" ind1="1" ind2="0">
            <marc:subfield code="a">Konsole mit Doppellager für die Papierfabrik in Rhumspringe, 1913</marc:subfield>
          </marc:datafield>
          <marc:datafield tag="720" ind1=" " ind2=" ">
            <marc:subfield code="a">Papierfabrik Rhumspringe</marc:subfield>
          </marc:datafield>
          <marc:datafield tag="655" ind1=" " ind2="7">
            <marc:subfield code="a">Grafik</marc:subfield>
          </marc:datafield>
          <marc:datafield tag="046" ind1=" " ind2=" ">
            <marc:subfield code="k">1913-09-15</marc:subfield>
            <marc:subfield code="k">15.09.1913</marc:subfield>
          </marc:datafield>
          <marc:datafield tag="260" ind1=" " ind2=" ">
            <marc:subfield code="g">1913-09-15</marc:subfield>
            <marc:subfield code="g">15.09.1913</marc:subfield>
          </marc:datafield>
          <marc:datafield tag="520" ind1=" " ind2=" ">
            <marc:subfield code="a">Zeichnung – schwarz-weiß   
Herstellungsort – Königshütte, Bad Lauterberg

Auftraggeber und Standort: 
C.F. Hertwig, Papierfabrik Rhumspringe

Information:
Die Zeichnung ist in zwei Varianten vorhanden, beide jeweils zweimal in schwarz-weiß und einmal als Blaupause.

Anmerkung zum Auftraggeber:
Bereits im Jahre 1828 wurde an der Stelle der heutigen Papierfabrik nahe der Rhumequelle eine Wollwarenfabrik durch den Duderstädter Fabrikanten Ludwig August Hertwig gegründet. Diese Fabrik nutzte die Wasserkraft der Rhume für ihre Spinnerei und Walkerei und stellte Kamelotstoffe und besonders schwere Flanelle auf Handwebstühlen her.
Die Wollwarenfabrik bestand bis 1871. Der Duderstädter Bankier C.F. Hertwig als Kreditgeber der Wollwarenfabrik übernahm ab da den gesamten Besitz und errichtete auf dem ausgedehnten Gelände unter Verwendung der existierenden Gebäude eine Lederpapier- und Lederpappenfabrik.
Am 9. August 1872 wurde die Rhumspringer Papierfabrik genannte Firma in das Handelsregister eingetragen. Neben der Wasserkraft der Rhume wurde eine Dampfkraftanlage mit 500 PS neu errichtet. 1873 wurden mit vierzig Arbeitern bereits etwa 400 Tonnen Lederpapier und -pappe erzeugt.
1928 hatte die Papierfabrik ca. 200 Beschäftigte und ein Produktionsvolumen von etwa 4500 Tonnen Papier und Pappe. Die Verwaltung befand sich zu der Zeit noch in Duderstadt.
Im Lauf der weiteren Jahre wechselte die Geschäftsführung mehrfach. Bis zum Jahr 1995 war die Fabrik in Familienbesitz
Mitte 2003 wurde aufgrund der Globalisierung und andauernder Konzentrationsprozesse erneut ein Insolvenzverfahren eingeleitet, in der Folge stellte die Harzer Papierfabrik ihren Betrieb ein. 
Quelle:
Rhumspringe - Wikiwand
www.wikiwand.com/de/Rhumspringe
 (Förderkreis Königshütte Bad Lauterberg e.V.)

Maßstab: 1 zu 2</marc:subfield>
          </marc:datafield>
          <marc:datafield tag="650" ind1="1" ind2=" ">
            <marc:subfield code="a">Papierherstellung</marc:subfield>
          </marc:datafield>
          <marc:datafield tag="650" ind1="1" ind2=" ">
            <marc:subfield code="a">Grafik, Fotografie &gt; Zeichnung</marc:subfield>
          </marc:datafield>
          <marc:datafield tag="650" ind1="1" ind2=" ">
            <marc:subfield code="a">Industrie</marc:subfield>
          </marc:datafield>
          <marc:datafield tag="650" ind1="1" ind2=" ">
            <marc:subfield code="a">Rhumspringe (Gieboldehausen, Göttingen, Niedersachsen)</marc:subfield>
          </marc:datafield>
          <marc:datafield tag="773" ind1="0" ind2=" ">
            <marc:subfield code="t">Maschinenelemente, Zubehör und Werkzeuge</marc:subfield>
          </marc:datafield>
          <marc:datafield tag="852" ind1=" " ind2=" ">
            <marc:subfield code="a">Industriedenkmal Königshütte Bad Lauterberg im Harz</marc:subfield>
          </marc:datafield>
          <marc:datafield tag="" ind1=" " ind2=" ">
            <marc:subfield code="a">Namensnennung - Nicht kommerziell - Keine Bearbeitungen 4.0 International (CC BY-NC-ND 4.0)</marc:subfield>
          </marc:datafield>
        </marc:record>
      </metadata>
    </record>
  </GetRecord>
</OAI-PMH>
